Az ókori Róma feneketlen gyomra

Elmentve itt :
Bibliográfiai részletek
Szerző: Wilhelmné Szekszárdi Krisztina
További közreműködők: Járási Anikó (Témavezető)
Dokumentumtípus: Szakdolgozat
Megjelent: 2005
Tárgyszavak:
Online Access:http://diploma.bibl.u-szeged.hu/107635
LEADER 00764nta a2200205 i 4500
001 dipl107635
005 20210224093500.0
008 210224s2005 hu om 0|| zxx d
040 |a SZTE Diploma Repozitórium  |b hun 
041 |a zxx 
100 2 |a Wilhelmné Szekszárdi Krisztina 
245 1 3 |a Az ókori Róma feneketlen gyomra  |h [elektronikus dokumentum] /  |c Krisztina Wilhelmné Szekszárdi 
260 |c 2005 
650 4 |a Pedagógusképzés 
650 4 |a Social sciences 
650 4 |a Media and communications 
650 4 |a Media and socio-cultural communication 
650 4 |a Cultural studies, cultural diversity 
700 1 |a Járási Anikó  |e ths 
856 4 0 |u http://diploma.bibl.u-szeged.hu/id/eprint/107635/1/2005_wilhelmne_szekszardi_krisztina.pdf  |z Dokumentum-elérés